000 00652nam a2200193Ia 4500
999 _c36446
_d36446
001 2361
003 GE_BSU
005 20221027103246.0
008 181216s2008az xx |||||||||||||| ||aze||
040 _cGE_BSU
041 _aaze
082 _294(479.24) N-32
245 _aNAXÇİVAN ABİDƏLƏRİ ENSİKLOPEDİYASİ THE ENCYCLOPAEDİA OF NAKHCHİVAN MONUMENTS
264 _aNAXÇİVAN,
_c2008.
300 _a519 c:.
653 _aNAXÇİVAN ABİDƏLƏRİ ENSİKLOPEDİYASİ THE ENCYCLOPAEDİA OF NAKHCHİVAN MONUMENTS
653 _aნახიჩევანის ძეგლების ენციკლოპედია
942 _cBK
_2udc